02375nab a2200253uuc4500001000800000005001700008008004100025035001200066035002100078040001300099041000800112100004000120245013200160520147400292650004601766650001701812650002401829700004501853700005201898700004401950773009801994942001002092999001902102127476620240202104203.0120301e20111101 por  a1274766 a(OCoLC)820632393 ccomduadb apor10aBorges, Vanderley4auteaut963533110aAssociação entre caracteres e análise de trilha na seleção de progênies de meios-irmãos de brachiaria ruziziensis3 aAssociação alta entre peso de massa seca e peso de massa verde pode facilitar a seleção antecipada de genótipos superiores de B. ruziziensis. Objetivou-se neste estudo verificar as associações entre características morfo-agronômicas na seleção de genótipos de B. ruziziensis. O delineamento experimental foi o de blocos completos casualizados com duas repetições. Foram avaliadas as características altura e vigor das plantas, peso de massa verde e porcentagem de matéria seca da planta inteira, do caule e da folha, peso de massa seca da forragem total, de caule, e de folha e, relação entre produtividade de folha e caule de massa verde. As análises consistiram da estimação das correlações simples entre os caracteres e da análise de trilha considerando o peso de massa seca total como variável básica e as demais explicativas. Correlações mais elevadas foram observadas entre peso de massa seca e peso de massa verde, peso seco de caule e peso de massa verde e, peso seco de folhas e peso de massa verde. Pelos coeficientes de trilha, verificou-se que os efeitos diretos das diferentes variáveis explicativas sobre o peso de massa seca foram, em sua maioria, baixos. Os efeitos diretos mais relevantes sobre o peso de massa seca foram verificados via peso de massa verde, peso seco de caule e peso seco de folhas, indicando que o peso de massa verde viabiliza a seleção indireta para peso de massa seca. aPasto ruzi : Bachiaria ruziziensis930851 aPastos92295 aMejoramiento94874410aSouza Sobrinho, Fausto4auteaut963533210aSilva Ledo, Francisco Jose da4auteaut950872810aKopp, Mauricio Marini4auteaut96353330 tRevista Ceres (Brasil)gVol. 58, No. 06, Nov.-Dic. 2011, p. 765-772w556087z0034737X0129994 cARIMP c608816d608816